[Event "Ì15Ï"]
[Site "Loo"]
[Date "2017.04.25"]
[Round "6.46"]
[White "Íîâèêîâ, Èâàí."]
[Black "Ðîìàíîâ, Àëüàìèí."]
[Result "1-0"]
[WhiteElo "1649"]
[BlackElo "1495"]
[PlyCount "75"]
[EventDate "2017.04.20"]

1. Nf3 Nf6 2. g3 b6 3. Bg2 Bb7 4. O-O g6 5. c4 Bg7 6. Nc3 d6 7. d4 Nbd7 8. d5
O-O 9. e4 e5 10. b4 Ne8 11. Qc2 f5 12. Ng5 Qe7 13. Ne6 Rf7 14. Nxg7 Nxg7 15. f4
fxe4 16. Nxe4 Raf8 17. Ng5 Rf6 18. Bh3 h6 19. Ne6 Nxe6 20. Bxe6+ Kg7 21. Qa4
Bc8 22. Qxa7 Nb8 23. Bxc8 Rxc8 24. Bb2 Nd7 25. fxe5 Nxe5 26. Rxf6 Qxf6 27. Rf1
Nf3+ 28. Rxf3 Qxb2 29. Qa3 Qd4+ 30. Qe3 Qe5 31. Qxe5+ dxe5 32. Kf2 Ra8 33. a3
c5 34. dxc6 b5 35. cxb5 Rb8 36. a4 Ra8 37. a5 Rb8 38. b6 1-0

[Event "Ì15Ï"]
[Site "Loo"]
[Date "2017.04.25"]
[Round "6.47"]
[White "Æóê, Êèðèëë."]
[Black "Ìåäâåäåâ, Äàâèä."]
[Result "1/2-1/2"]
[WhiteElo "1641"]
[BlackElo "1488"]
[PlyCount "79"]
[EventDate "2017.04.20"]

1. e4 c5 2. Nf3 Nc6 3. d4 cxd4 4. Nxd4 Qb6 5. Nb3 Nf6 6. Nc3 e6 7. Qe2 Bb4 8.
Bd2 Be7 9. O-O-O d6 10. Be3 Qc7 11. g4 b6 12. g5 Nd7 13. h4 Nc5 14. f4 Nxb3+
15. axb3 Bb7 16. Bh3 Bc8 17. h5 O-O 18. Rhg1 Kh8 19. Qf2 e5 20. f5 Bd8 21. Nb5
Qb7 22. h6 g6 23. fxg6 hxg6 24. Bxc8 Qxc8 25. c3 Be7 26. Rxd6 Kh7 27. Rd2 Qe6
28. Nc7 Qxb3 29. Nxa8 Rxa8 30. Rf1 Rf8 31. Qe2 a5 32. Qd1 Qa2 33. Qc2 a4 34.
Qb1 Qc4 35. Qd3 Qa2 36. Qb1 Qc4 37. Qd3 Qa2 38. Qb1 Qc4 39. Qd3 Qa2 40. Qb1
1/2-1/2

[Event "Ì15Ï"]
[Site "Loo"]
[Date "2017.04.25"]
[Round "6.48"]
[White "Ìàðåâè÷åâ, Åãîð."]
[Black "Îæåãîâ, Åãîð."]
[Result "1-0"]
[WhiteElo "1488"]
[BlackElo "1632"]
[PlyCount "65"]
[EventDate "2017.04.20"]

1. e4 e6 2. d4 d5 3. e5 c5 4. c3 Nc6 5. Nf3 Qb6 6. a3 Bd7 7. b4 cxd4 8. cxd4
Rc8 9. Be3 Nh6 10. Bd3 Nf5 11. Bxf5 exf5 12. O-O Be7 13. Qd2 O-O 14. Nc3 Nxb4
15. axb4 Bxb4 16. Nxd5 Bxd2 17. Nxb6 axb6 18. Bxd2 Be6 19. Rab1 b5 20. Bb4 Rfd8
21. Bc5 Rd7 22. Rfc1 Bc4 23. e6 Bxe6 24. Rxb5 f6 25. Re1 Bc4 26. Rb6 Bd5 27.
Nd2 h5 28. f3 Kf7 29. Rc1 Bc6 30. Nc4 Ra8 31. Nd6+ Kg6 32. Rcb1 Rb8 33. Rxc6
1-0

[Event "Ì15Ï"]
[Site "Loo"]
[Date "2017.04.25"]
[Round "6.49"]
[White "Èãíàòåíêî, Àðòóð."]
[Black "Öàðüêîâ, Ìèõàèë."]
[Result "1/2-1/2"]
[WhiteElo "1621"]
[BlackElo "1471"]
[PlyCount "80"]
[EventDate "2017.04.20"]

1. d4 d5 2. c4 c6 3. Nc3 Nf6 4. Nf3 e6 5. e3 Nbd7 6. Qc2 Qa5 7. Bd2 Bb4 8. Be2
dxc4 9. Bxc4 Nd5 10. e4 Nxc3 11. Bxc3 Bxc3+ 12. bxc3 c5 13. O-O O-O 14. e5 h6
15. a4 Nb6 16. Nd2 Nxc4 17. Nxc4 Qc7 18. Rfc1 b6 19. Qb2 Bb7 20. Nd6 Rab8 21.
Qa3 Qc6 22. f3 f6 23. Nxb7 Rxb7 24. exf6 Rxf6 25. dxc5 bxc5 26. Rab1 Rxb1 27.
Rxb1 Rg6 28. c4 Qd6 29. Qc3 e5 30. Qc2 Qd4+ 31. Kf1 Rb6 32. Rd1 Qh4 33. g3 Qf6
34. Qd3 Rb4 35. Qd5+ Kh8 36. Qa8+ Kh7 37. Rd8 Rb1+ 38. Kg2 Rb2+ 39. Kg1 Rb1+
40. Kg2 Rb2+ 1/2-1/2

[Event "Ì15Ï"]
[Site "Loo"]
[Date "2017.04.25"]
[Round "6.50"]
[White "Êîíîòîï, Äàíèèë."]
[Black "Òèòîâè÷, Ìèõàèë."]
[Result "1-0"]
[WhiteElo "1620"]
[BlackElo "1440"]
[PlyCount "87"]
[EventDate "2017.04.20"]

1. e4 e6 2. d4 d5 3. Nc3 Bb4 4. Nge2 dxe4 5. a3 Bxc3+ 6. Nxc3 h6 7. Nxe4 Nf6 8.
Bd3 O-O 9. Qf3 Qxd4 10. Nxf6+ Qxf6 11. Qxf6 gxf6 12. Bxh6 Re8 13. f3 f5 14. Kf2
Nd7 15. Rhe1 Nf6 16. Bg5 Nh7 17. Bf4 Bd7 18. Rad1 Bc6 19. Bxc7 Nf6 20. Be5 Nd7
21. b3 Nxe5 22. Rxe5 f6 23. Re2 Kf7 24. a4 Rad8 25. Red2 Re7 26. Bc4 Red7 27.
Rxd7+ Rxd7 28. Rxd7+ Bxd7 29. Ke3 Kg6 30. a5 a6 31. Bd3 Kg5 32. c4 e5 33. g3
Bc6 34. f4+ Kg4 35. fxe5 fxe5 36. b4 f4+ 37. gxf4 exf4+ 38. Kf2 f3 39. b5 axb5
40. cxb5 Bd5 41. a6 bxa6 42. bxa6 Kh3 43. Bf5+ Kh4 44. Bc8 1-0

[Event "Ì15Ï"]
[Site "Loo"]
[Date "2017.04.25"]
[Round "6.51"]
[White "ßñòðåáîâ, Íèêèòà."]
[Black "Ìóðòàçèí, Ðàèô."]
[Result "0-1"]
[WhiteElo "1602"]
[BlackElo "1373"]
[PlyCount "114"]
[EventDate "2017.04.20"]

1. e4 e6 2. b3 d5 3. Bb2 dxe4 4. Nc3 Nf6 5. Qe2 Bb4 6. O-O-O Bxc3 7. Bxc3 O-O
8. g4 Nc6 9. Bb2 h6 10. h4 e5 11. Bh3 Nd4 12. Bxd4 Qxd4 13. c3 Qd3 14. g5 Qxe2
15. Nxe2 Bxh3 16. Rxh3 Nh5 17. Re3 Rad8 18. Rxe4 Rfe8 19. d4 exd4 20. Rdxd4 Kf8
21. Kd2 Rxd4+ 22. Rxd4 c5 23. Rd5 Rxe2+ 24. Kd1 Nf4 25. Rxc5 Rxa2 26. Rc8+ Ke7
27. Rc7+ Ke8 28. Rxb7 hxg5 29. hxg5 g6 30. c4 Ne6 31. b4 Nxg5 32. c5 Rxf2 33.
Rxa7 Rb2 34. Rb7 Kd8 35. Kc1 Re2 36. c6 Re7 37. Rb5 Ne6 38. Rd5+ Kc7 39. b5 Nf4
40. Rd2 Kb6 41. Rd6 Rc7 42. Rf6 Ne6 43. Kd2 Kxb5 44. Ke3 Kxc6 45. Kf3 Kd6 46.
Kg4 Rc4+ 47. Kg3 Ke7 48. Rf3 f5 49. Ra3 Kf6 50. Ra6 Rc3+ 51. Kf2 g5 52. Ra2 g4
53. Kg1 f4 54. Kf2 Nd4 55. Ra8 Rc2+ 56. Kf1 g3 57. Ra3 Kf5 0-1

[Event "Ì15Ï"]
[Site "Loo"]
[Date "2017.04.25"]
[Round "6.52"]
[White "Êîíîâàëîâ, Àëåêñåé."]
[Black "Êîäçîåâ, Àëåêñàíäð."]
[Result "1-0"]
[WhiteElo "1581"]
[BlackElo "1229"]
[PlyCount "67"]
[EventDate "2017.04.20"]

1. e4 e6 2. d4 d5 3. Nd2 Nf6 4. e5 Nfd7 5. Bd3 c5 6. c3 Nc6 7. Ne2 Be7 8. O-O
O-O 9. Nf3 f6 10. Nf4 Nb6 11. exf6 Rxf6 12. Bxh7+ Kxh7 13. Ng5+ Kg8 14. Qh5 Rh6
15. Qf7+ Kh8 16. Ng6+ Rxg6 17. Qxg6 Bxg5 18. Bxg5 Qf8 19. dxc5 Qxc5 20. Rae1
Bd7 21. Re3 e5 22. g4 Bxg4 23. Rg3 Ne7 24. Bxe7 Qxe7 25. Qxg4 Nd7 26. Rh3+ Kg8
27. Qh5 Rd8 28. Qh7+ Kf7 29. Rg3 Rg8 30. Rd1 Nf6 31. Qg6+ Kf8 32. Qf5 b6 33.
Rxd5 Ke8 34. Rxe5 1-0

[Event "Ì15Ï"]
[Site "Loo"]
[Date "2017.04.25"]
[Round "6.53"]
[White "Áóðäèí, Øàõðîì."]
[Black "Ïðèùåíêî, Àíäðåé."]
[Result "1/2-1/2"]
[WhiteElo "1579"]
[BlackElo "1280"]
[PlyCount "80"]
[EventDate "2017.04.20"]

1. e4 e5 2. Nf3 Nf6 3. Nc3 Nc6 4. Bc4 Bc5 5. d3 d6 6. h3 h6 7. O-O Be6 8. Bb3
O-O 9. Be3 Nd4 10. Bxd4 exd4 11. Ne2 Bxb3 12. axb3 d5 13. exd5 Qxd5 14. Ng3
Rfe8 15. Qd2 Bd6 16. Ne2 c5 17. Rfe1 a6 18. Nf4 Qf5 19. Ne2 Re7 20. Ng3 Rxe1+
21. Rxe1 Bxg3 22. fxg3 Re8 23. Rxe8+ Nxe8 24. Qf4 Qxf4 25. gxf4 Nd6 26. c3 Nb5
27. c4 Nd6 28. b4 b6 29. bxc5 bxc5 30. g4 f6 31. Kf2 Kf7 32. Nd2 a5 33. Kf3 g6
34. Ne4 Nxe4 35. Kxe4 Ke6 36. f5+ gxf5+ 37. gxf5+ Kd6 38. b3 Kc6 39. h4 h5 40.
Kf4 Kd6 1/2-1/2

[Event "Ì15Ï"]
[Site "Loo"]
[Date "2017.04.25"]
[Round "6.54"]
[White "Êàðäîíîâ, Áààòð."]
[Black "Àíòîíîâ, Àíäðåé."]
[Result "1-0"]
[WhiteElo "1574"]
[BlackElo "1373"]
[PlyCount "133"]
[EventDate "2017.04.20"]

1. d4 e5 2. dxe5 Nc6 3. Nf3 Qe7 4. Nc3 Nxe5 5. e4 Nf6 6. Bg5 c6 7. Be2 h6 8.
Bh4 Ng6 9. Bxf6 Qxf6 10. O-O Bb4 11. Qd4 Qxd4 12. Nxd4 Bxc3 13. bxc3 Nf4 14.
Bc4 b5 15. Bd3 a6 16. Nf5 g6 17. Nd6+ Ke7 18. e5 f6 19. Rfe1 fxe5 20. Nxc8+
Raxc8 21. Rxe5+ Kf6 22. Rae1 Ne6 23. g3 Rce8 24. f4 Ng7 25. Kf2 Rxe5 26. Rxe5
Re8 27. Rxe8 Nxe8 28. Ke3 c5 29. a3 d5 30. h3 Nd6 31. Kf3 c4 32. Bf1 Ne4 33. g4
Nxc3 34. Ke3 Nb1 35. Bg2 Nxa3 36. Bxd5 Nxc2+ 37. Kd2 Nd4 38. h4 Ne6 39. g5+
hxg5 40. fxg5+ Ke5 41. Bb7 a5 42. Kc3 Nc5 43. Bc6 Ne4+ 44. Bxe4 Kxe4 45. h5 Kd5
46. h6 b4+ 47. Kb2 c3+ 48. Kc2 Kc4 49. h7 b3+ 50. Kb1 a4 51. h8=Q a3 52. Qc8+
Kd3 53. Qd7+ Kc4 54. Qc6+ Kb4 55. Qe4+ Kc5 56. Qa4 a2+ 57. Ka1 c2 58. Kb2 Kd6
59. Qa3+ Ke5 60. Kxb3 Kf5 61. Kxc2 Kxg5 62. Qxa2 Kh4 63. Qc4+ Kh5 64. Kd2 g5
65. Ke2 g4 66. Kf2 Kh4 67. Qf4 1-0

[Event "Ì15Ï"]
[Site "Loo"]
[Date "2017.04.25"]
[Round "6.55"]
[White "Òÿí, Îëåã."]
[Black "Òîëñòûõ, Äìèòðèé."]
[Result "0-1"]
[WhiteElo "1136"]
[BlackElo "1569"]
[PlyCount "74"]
[EventDate "2017.04.20"]

1. e4 c5 2. Nf3 Nc6 3. d4 cxd4 4. Nxd4 e6 5. Nc3 Qc7 6. Be2 a6 7. O-O Nf6 8. h3
Bb4 9. Bf3 Bxc3 10. bxc3 d5 11. exd5 Nxd5 12. Bxd5 exd5 13. Nxc6 Qxc6 14. Qd4
O-O 15. Bb2 Qg6 16. Rac1 Bxh3 17. Qxd5 Bf5 18. Ba3 Be4 19. Qxe4 Qxe4 20. Bxf8
Rxf8 21. Rfe1 Qc4 22. Re7 b5 23. Ra7 Qxa2 24. Re1 Qxc2 25. Rxa6 Qxc3 26. Rb1
Qd3 27. Rb4 Rb8 28. Rb2 g6 29. Ra5 b4 30. Rg5 Qd1+ 31. Kh2 Qc1 32. Rxb4 Rxb4
33. Rg3 Qh6+ 34. Rh3 Qf4+ 35. Rg3 Qxf2 36. Rh3 Rg4 37. Rxh7 Qxg2# 0-1

[Event "Ì15Ï"]
[Site "Loo"]
[Date "2017.04.25"]
[Round "6.56"]
[White "Øè, Ìàêñèì."]
[Black "Òðàùåíêî, Äàìèð."]
[Result "0-1"]
[WhiteElo "1462"]
[BlackElo "1805"]
[PlyCount "85"]
[EventDate "2017.04.20"]

1. d4 d5 2. Nf3 Nf6 3. c4 c6 4. Nc3 e6 5. Bg5 Nbd7 6. e3 h6 7. Bh4 Bd6 8. Be2
O-O 9. O-O dxc4 10. Bxc4 b5 11. Bd3 a6 12. Rc1 Bb7 13. Ne4 Be7 14. Bxf6 Nxf6
15. Nxf6+ Bxf6 16. Be4 Qb6 17. Qc2 Rac8 18. Qc5 Qc7 19. Rc3 Be7 20. Qh5 f5 21.
Bd3 c5 22. dxc5 Bxc5 23. b4 Rf6 24. Rxc5 Qd7 25. Rxc8+ Qxc8 26. Rd1 Qc6 27. Be2
Rf8 28. Bf1 Qc7 29. Nd4 Bd5 30. a3 Rf6 31. Rd2 Kh7 32. Rc2 Qb7 33. Qe8 Qf7 34.
Qxf7 Rxf7 35. g3 e5 36. Ne2 Re7 37. Bg2 Bc4 38. Nc1 Rd7 39. Bh3 Rd1+ 40. Kg2
Bf1+ 41. Kf3 Bxh3 42. Rc6 Rg1 43. Nb3 0-1

[Event "Ì15Ï"]
[Site "Loo"]
[Date "2017.04.25"]
[Round "6.57"]
[White "Ìàðóñîâ, Àëåêñåé."]
[Black "Ãîëîâàíñêèõ, Äìèòðèé."]
[Result "1-0"]
[WhiteElo "1752"]
[BlackElo "1447"]
[PlyCount "89"]
[EventDate "2017.04.20"]

1. d4 d5 2. Nf3 Nf6 3. e3 e6 4. Bd3 c5 5. b3 Nc6 6. O-O cxd4 7. exd4 Be7 8. Bb2
O-O 9. Ne5 Ne4 10. Re1 Nxe5 11. Bxe4 Nc6 12. Bd3 Bf6 13. Re3 g6 14. Bf1 Bg7 15.
Qd3 Bd7 16. a3 Qb6 17. c4 Nxd4 18. cxd5 exd5 19. Nc3 Bc6 20. Nxd5 Bxd5 21. Rd1
Bxb3 22. Bxd4 Bxd4 23. Qxd4 Bxd1 24. Qxd1 Rad8 25. Qf3 Qc6 26. Qf4 h5 27. g4
hxg4 28. Qxg4 Kg7 29. Qf4 Qd6 30. Qf3 Rh8 31. h3 Qc6 32. Qf4 Qd6 33. Qf3 b6 34.
Re4 Qf6 35. Rf4 Qe7 36. Bc4 Rdf8 37. Qc3+ f6 38. Rg4 Re8 39. Qg3 g5 40. Bd3 Qe5
41. Qf3 Qe1+ 42. Kg2 Qe5 43. Re4 Qb8 44. Rd4 Qc7 45. Qf5 1-0

[Event "Ì15Ï"]
[Site "Loo"]
[Date "2017.04.25"]
[Round "6.58"]
[White "Ñìåëûõ, Ýäâèí."]
[Black "Ôèðñòîâ, Òèìóð."]
[Result "1-0"]
[WhiteElo "1635"]
[BlackElo "1412"]
[PlyCount "93"]
[EventDate "2017.04.20"]

1. e4 c6 2. d4 d5 3. Nc3 dxe4 4. Nxe4 Nf6 5. Nxf6+ gxf6 6. Nf3 Bf5 7. Bc4 Qc7
8. c3 Nd7 9. O-O O-O-O 10. Bxf7 e5 11. Qa4 Kb8 12. Bh5 Bd6 13. g3 Rhg8 14. Re1
Bg4 15. Bxg4 Rxg4 16. Qc2 Rg7 17. Bh6 Rg6 18. Be3 Rdg8 19. Rad1 h5 20. Nh4 Rg4
21. Nf5 exd4 22. Bxd4 Rxd4 23. cxd4 Nb6 24. Re6 Nc8 25. Rxf6 h4 26. Nxh4 Qe7
27. Rh6 Qg5 28. Rh7 Ne7 29. Qb3 Rf8 30. Rf7 Rxf7 31. Qxf7 Qg4 32. Qf3 Qe6 33.
a3 Qc4 34. Kg2 Qb5 35. Rd2 Qg5 36. Re2 Nd5 37. Re8+ Kc7 38. Qf7+ Ne7 39. f4 Qb5
40. Rxe7+ Bxe7 41. Qxe7+ Kc8 42. b4 Qd3 43. Qe6+ Kc7 44. Nf5 Kb6 45. Qe5 Qxa3
46. Qc5+ Kc7 47. h4 1-0

[Event "Ì15Ï"]
[Site "Loo"]
[Date "2017.04.25"]
[Round "6.59"]
[White "Ïåðåãóäîâ, Äåíèñ."]
[Black "Èëüþøèí, Òèìîôåé."]
[Result "0-1"]
[WhiteElo "1568"]
[BlackElo "1376"]
[PlyCount "70"]
[EventDate "2017.04.20"]

1. d4 e6 2. Bf4 f5 3. e3 Nf6 4. Nf3 b6 5. Bd3 Bb7 6. Nbd2 Be7 7. h3 O-O 8. O-O
Nh5 9. c3 Nxf4 10. exf4 Rf6 11. Bc4 Rh6 12. Ne5 Bd6 13. Ndf3 Bxe5 14. fxe5 g5
15. Nh2 g4 16. d5 Qh4 17. dxe6 dxe6 18. Qc2 gxh3 19. Qxf5 Qxc4 20. Qg5+ Rg6 21.
Qd8+ Kf7 22. g3 Qc6 23. f3 Nd7 24. Qh4 Rag8 25. Qxh7+ R8g7 26. Qh5 Qc5+ 27. Kh1
Qxe5 28. Qxe5 Nxe5 29. Rae1 Nd3 30. Re2 Rxg3 31. Re3 Nxb2 32. Rfe1 Bd5 33. c4
Nxc4 34. Rc3 c6 35. a4 Nd2 0-1

[Event "Ì15Ï"]
[Site "Loo"]
[Date "2017.04.25"]
[Round "6.60"]
[White "Ðÿõîâñêèé, Ìàðê."]
[Black "Äÿòëîâ, Îëåã."]
[Result "0-1"]
[WhiteElo "1364"]
[BlackElo "1549"]
[PlyCount "88"]
[EventDate "2017.04.20"]

1. c4 c5 2. g3 Nf6 3. Bg2 d5 4. cxd5 Nxd5 5. Nc3 Nc7 6. Nf3 Nc6 7. O-O e5 8. d3
Be7 9. Be3 Be6 10. Na4 b6 11. Ng5 Bd5 12. Nf3 O-O 13. Nc3 Be6 14. Re1 Qd7 15.
Ng5 Bxg5 16. Bxg5 f6 17. Be3 Rac8 18. Qa4 Nd5 19. Bd2 Rfd8 20. Rab1 Nd4 21.
Qxd7 Rxd7 22. e3 Nxc3 23. Bxc3 Nb5 24. Rbd1 Nxc3 25. bxc3 Rcd8 26. d4 Kf7 27.
Rd2 cxd4 28. cxd4 exd4 29. exd4 Rxd4 30. Rde2 R8d6 31. Be4 Rd1 32. Rxd1 Rxd1+
33. Kg2 Ra1 34. Bxh7 Bd5+ 35. Kh3 Rxa2 36. Bc2 b5 37. Rd2 Be6+ 38. Kg2 b4 39.
Re2 Bd5+ 40. Kf1 Bc4 41. Kg2 Bd5+ 42. Kf1 Ra1+ 43. Re1 Bc4+ 44. Kg2 Rxe1 0-1

[Event "Ì15Ï"]
[Site "Loo"]
[Date "2017.04.25"]
[Round "6.61"]
[White "Ìèêèåâ, Êëèì."]
[Black "Íàãèáèí, Äàíèëà."]
[Result "1-0"]
[WhiteElo "1511"]
[BlackElo "1239"]
[PlyCount "63"]
[EventDate "2017.04.20"]

1. d4 d5 2. Nf3 Nf6 3. c4 e6 4. Nc3 c5 5. e3 Nc6 6. cxd5 exd5 7. Be2 Be7 8. O-O
O-O 9. a3 Bf5 10. dxc5 Bxc5 11. b4 Bb6 12. Nb5 Bg6 13. Bb2 a6 14. Nbd4 Nxd4 15.
Nxd4 Qd6 16. Nf3 Bc7 17. Be5 Qe7 18. Bxf6 Qxf6 19. Qxd5 b5 20. Rac1 Qe7 21. Qb3
Be4 22. Rfd1 Rac8 23. a4 bxa4 24. Qxa4 Bxf3 25. Bxf3 Qh4 26. g3 Qf6 27. Bb7 Qb6
28. Bxc8 Rxc8 29. Qd7 Rd8 30. Rxc7 Rxd7 31. Rc8+ Qd8 32. Rxd8+ 1-0

[Event "Ì15Ï"]
[Site "Loo"]
[Date "2017.04.25"]
[Round "6.65"]
[White "Ìõèòàðÿí, Êàðåí."]
[Black "Îíèùåíêî, Ãåííàäèé."]
[Result "0-1"]
[WhiteElo "1280"]
[BlackElo "1451"]
[PlyCount "40"]
[EventDate "2017.04.20"]

1. d4 Nf6 2. c4 c5 3. Nc3 cxd4 4. Qxd4 Nc6 5. Qd1 g6 6. Nf3 Bg7 7. Bg5 O-O 8.
e3 d6 9. Bd3 Qb6 10. Qc2 Nb4 11. Qb1 Nxd3+ 12. Qxd3 Qxb2 13. Rb1 Qa3 14. Qd2 b6
15. Nd5 Nxd5 16. Qxd5 Be6 17. Qb5 Qxa2 18. Nd2 Bc3 19. Rd1 Bxc4 20. Qb1 Bxd2+
0-1

[Event "Ì15Ï"]
[Site "Loo"]
[Date "2017.04.25"]
[Round "6.66"]
[White "Êëþñ, Íèêèòà."]
[Black "Áåëîâ, Ñòåïàí."]
[Result "0-1"]
[WhiteElo "1384"]
[BlackElo "1216"]
[PlyCount "96"]
[EventDate "2017.04.20"]

1. e4 e6 2. d4 d5 3. e5 c5 4. c3 Qb6 5. Nf3 Nc6 6. Be2 Bd7 7. O-O Nge7 8. Qb3
Qxb3 9. axb3 Nf5 10. Rd1 a6 11. Na3 Rc8 12. Bg5 h6 13. Bc1 Be7 14. g4 Nh4 15.
Bf4 Nxf3+ 16. Bxf3 O-O 17. Nc2 f6 18. Bg2 cxd4 19. Nxd4 Nxe5 20. h3 Nc6 21. Re1
Nxd4 22. cxd4 Bb4 23. Rec1 Rc6 24. Rd1 Rc2 25. Rab1 Rfc8 26. Rdc1 Rxc1+ 27.
Rxc1 Rxc1+ 28. Bxc1 Bb5 29. Bf1 Bxf1 30. Kxf1 Kf7 31. Ke2 Kg6 32. f4 f5 33. Kf3
fxg4+ 34. hxg4 Kf6 35. Be3 Bd6 36. Bd2 Bc7 37. Kf2 g6 38. Kg2 h5 39. Kh3 Bd8
40. Be3 Ba5 41. Kg3 Be1+ 42. Kh3 h4 43. Kg2 Ke7 44. g5 Kd7 45. Kf3 Kc6 46. Ke2
h3 47. Kf1 Kb5 48. Kg1 Kb4 0-1

[Event "Ì15Ï"]
[Site "Loo"]
[Date "2017.04.25"]
[Round "6.67"]
[White "Âèòåð, Þðèé."]
[Black "Àðõèí÷ååâ, Âëàä."]
[Result "1-0"]
[WhiteElo "1207"]
[BlackElo "1285"]
[PlyCount "75"]
[EventDate "2017.04.20"]

1. e4 c5 2. d4 cxd4 3. c3 dxc3 4. Nxc3 e5 5. Bc4 Nf6 6. Nf3 Bb4 7. Nxe5 O-O 8.
O-O Bxc3 9. bxc3 Nxe4 10. Qh5 d5 11. Nxf7 Nf6 12. Nxd8 Nxh5 13. Bxd5+ Kh8 14.
Nxb7 a5 15. Ba3 Rf5 16. Be4 Re5 17. Nd6 Ra7 18. Nxc8 Rd7 19. Nd6 Nf6 20. f3 h6
21. Rab1 Na6 22. Bd3 Nc7 23. Rb8+ Nfe8 24. Nxe8 Rxe8 25. Rxe8+ Nxe8 26. Bb5 Rd8
27. Be7 Rb8 28. c4 Nc7 29. Bd6 Rc8 30. Bd7 Rd8 31. Bxc7 Rxd7 32. Bxa5 Ra7 33.
Bb6 Rxa2 34. Rc1 Kg8 35. c5 Ra8 36. c6 Kf7 37. c7 Rc8 38. Rd1 1-0

[Event "Ì15Ï"]
[Site "Loo"]
[Date "2017.04.25"]
[Round "6.69"]
[White "Øïóðîâ, Àëåêñàíäð."]
[Black "Ïåòÿêîâ, Ýìèð."]
[Result "0-1"]
[WhiteElo "1237"]
[BlackElo "1191"]
[PlyCount "100"]
[EventDate "2017.04.20"]

1. e4 d5 2. exd5 Qxd5 3. Nc3 Qa5 4. d4 c6 5. Nf3 Bf5 6. Bd3 Bg6 7. O-O Nf6 8.
Ne5 e6 9. Nxg6 hxg6 10. Bd2 Nbd7 11. a3 Qc7 12. h3 Bd6 13. Qf3 Rh5 14. Ne2 g5
15. g4 Rh8 16. Bxg5 O-O-O 17. c4 e5 18. c5 Be7 19. b4 e4 20. Bxe4 Nxe4 21. Bxe7
Nd2 22. Qd3 Ne5 23. Qf5+ Rd7 24. Bd6 Nef3+ 25. Kg2 Nh4+ 26. Kh1 Nxf5 27. Bxc7
Nxf1 28. Rxf1 Kxc7 29. gxf5 Rxh3+ 30. Kg2 Rxa3 31. Rb1 Ra4 32. Kf3 Re7 33. Nf4
Ra3+ 34. Kg4 Re4 35. f3 Rxd4 36. Re1 Kd7 37. Kg5 Rxf3 38. Ne2 Re4 39. Rd1+ Ke7
40. Ng1 f6+ 41. Kg6 Rg4+ 42. Kh7 Rxf5 43. b5 Rxc5 44. bxc6 Rxc6 45. Re1+ Kf7
46. Re7+ Kxe7 47. Nf3 Kf7 48. Kh8 Rc1 49. Ng5+ Rxg5 50. Kh7 Rh1# 0-1

[Event "Ì15Ï"]
[Site "Loo"]
[Date "2017.04.25"]
[Round "6.70"]
[White "Àñòàõîâ, Äìèòðèé."]
[Black "Ñåðàæèì, Ñòàíèñëàâ."]
[Result "1-0"]
[WhiteElo "1495"]
[BlackElo "1040"]
[PlyCount "132"]
[EventDate "2017.04.20"]

1. d4 d5 2. Nf3 Nf6 3. Bg5 Nbd7 4. e3 e6 5. Bd3 h6 6. Bf4 Bd6 7. Bg3 Bxg3 8.
hxg3 Qe7 9. Nbd2 e5 10. dxe5 Nxe5 11. Qe2 Bg4 12. O-O-O O-O-O 13. Nf1 Nxd3+ 14.
Qxd3 Qe4 15. N1d2 Qxd3 16. cxd3 Rhe8 17. Rde1 Nd7 18. Nb3 Ne5 19. Nxe5 Rxe5 20.
d4 Re6 21. Kd2 Ra6 22. Ra1 b6 23. Nc1 c5 24. Nd3 cxd4 25. exd4 f6 26. Nb4 Ra4
27. a3 Ra5 28. Nc6 Ra6 29. Nxd8 Kxd8 30. b4 b5 31. Rhc1 Re6 32. f3 Bh5 33. Rc5
a6 34. Rxd5+ Ke7 35. Rc1 Be8 36. Rc7+ Kf8 37. Rc8 Kg8 38. Rdd8 Kf7 39. Rxe8
Rxe8 40. Rxe8 Kxe8 41. Ke3 Ke7 42. Ke4 g6 43. Kd5 Kd7 44. Kc5 Kc7 45. d5 h5 46.
d6+ Kd7 47. Kd5 g5 48. Kc5 h4 49. g4 Kd8 50. Kc6 Kc8 51. d7+ Kd8 52. Kd6 h3 53.
gxh3 f5 54. Ke6 f4 55. Kf6 Kxd7 56. Kxg5 Ke6 57. Kxf4 Kf6 58. h4 Kg6 59. Ke5
Kf7 60. Kf5 Kg7 61. Ke6 Kg6 62. f4 Kg7 63. f5 Kf8 64. Kf6 Kg8 65. Ke7 Kg7 66.
f6+ Kh7 1-0

[Event "Ì15Ï"]
[Site "Loo"]
[Date "2017.04.25"]
[Round "6.71"]
[White "Îíäàð, Òàèð."]
[Black "Òåáëîåâ, Ðóñòåì."]
[Result "0-1"]
[WhiteElo "1310"]
[BlackElo "1234"]
[PlyCount "80"]
[EventDate "2017.04.20"]

1. e4 c5 2. Nf3 d6 3. d4 cxd4 4. Nxd4 Nf6 5. Nc3 e6 6. Be3 Be7 7. Bc4 O-O 8. h4
e5 9. Nb3 Qc7 10. Bd5 Nbd7 11. g4 Nb6 12. g5 Nfxd5 13. exd5 Bd7 14. h5 Nc4 15.
g6 Nxe3 16. fxe3 Qd8 17. Qe2 Bh4+ 18. Kd2 h6 19. gxf7+ Rxf7 20. Rag1 Rf2 21.
Qxf2 Bxf2 22. Rf1 Bh4 23. Rhg1 Qb6 24. Ne4 Rf8 25. Rxf8+ Kxf8 26. Rf1+ Ke7 27.
Nc1 Qb5 28. Nd3 Qxd5 29. Nc3 Qg2+ 30. Rf2 Bxf2 31. Nxf2 Qxf2+ 32. Ne2 Bg4 33.
Kc3 Qxe2 34. Kb3 Be6+ 35. Ka3 Qxe3+ 36. b3 Qc1+ 37. Ka4 Qxc2 38. a3 Qxb3+ 39.
Ka5 Qb6+ 40. Ka4 Bb3# 0-1

[Event "Ì15Â"]
[Site "Loo"]
[Date "2017.04.25"]
[Round "6.1"]
[White "Ïîãîñÿí, Ñòåôàí."]
[Black "Íåñòåðîâ, Àðñåíèé."]
[Result "0-1"]
[WhiteElo "2387"]
[BlackElo "2324"]
[PlyCount "52"]
[EventDate "2017.04.20"]

1. d4 d5 2. c4 c6 3. Nf3 Nf6 4. Nbd2 Bf5 5. Nh4 Be4 6. Nxe4 dxe4 7. g3 e6 8. e3
c5 9. Be2 Nc6 10. dxc5 Qxd1+ 11. Bxd1 Bxc5 12. a3 Ne5 13. b4 Bd6 14. Ba4+ Ke7
15. c5 Nd3+ 16. Ke2 Be5 17. Ra2 g5 18. f4 Nd5 19. Bd2 Bc3 20. fxg5 Bxd2 21.
Kxd2 Rhd8 22. Bb3 Nf2 23. Rb1 Nxb4+ 24. Ke2 Nxa2 25. Bxa2 Nd3 26. Rxb7+ Rd7 0-1

[Event "Ì15Â"]
[Site "Loo"]
[Date "2017.04.25"]
[Round "6.2"]
[White "Öîé, Äìèòðèé."]
[Black "Âàñèëüåâ, Ãåîðãèé."]
[Result "1-0"]
[WhiteElo "2305"]
[BlackElo "2011"]
[PlyCount "79"]
[EventDate "2017.04.20"]

1. e4 c5 2. Nf3 Nc6 3. d4 cxd4 4. Nxd4 Nf6 5. Nc3 e5 6. Ndb5 d6 7. Bg5 a6 8.
Na3 b5 9. Nd5 Be7 10. Bxf6 Bxf6 11. c4 b4 12. Nc2 O-O 13. g3 a5 14. Bg2 Bg5 15.
O-O Be6 16. b3 Rb8 17. Qd3 g6 18. Rad1 Kg7 19. f4 Bh6 20. f5 Bxd5 21. f6+ Kh8
22. exd5 Qb6+ 23. Kh1 Nd8 24. Qe4 Rg8 25. Qh4 Bf8 26. g4 Nb7 27. Rd3 h6 28. Rh3
Kh7 29. g5 Rh8 30. gxh6 Nc5 31. Ne1 e4 32. Bxe4 Re8 33. Bb1 Re5 34. Nf3 Nd7 35.
Rg1 Qd8 36. Nxe5 dxe5 37. Rxg6 fxg6 38. Bxg6+ Kxg6 39. Qg4+ Kf7 40. Qe6+ 1-0

[Event "Ì15Â"]
[Site "Loo"]
[Date "2017.04.25"]
[Round "6.3"]
[White "Ìóõóòäèíîâ, Òèãðàí."]
[Black "Àâàëÿí, Àðòóð."]
[Result "0-1"]
[WhiteElo "2136"]
[BlackElo "2163"]
[PlyCount "74"]
[EventDate "2017.04.20"]

1. e4 c5 2. Nf3 d6 3. d4 cxd4 4. Nxd4 Nf6 5. Nc3 a6 6. Be2 e5 7. Nb3 Be6 8. O-O
Be7 9. Kh1 O-O 10. f4 b5 11. Nd5 Bxd5 12. exd5 Nbd7 13. a4 b4 14. fxe5 Nxe5 15.
Bf4 Nfd7 16. Nd4 Bf6 17. Qd2 a5 18. c3 bxc3 19. bxc3 Rc8 20. Ba6 Rc5 21. Nb3
Rc7 22. Bb5 Qa8 23. Rab1 Rfc8 24. Rfc1 g6 25. Rc2 Be7 26. Bxd7 Nxd7 27. Qe3 Nf6
28. c4 Nxd5 29. cxd5 Rxc2 30. Qxe7 Qxd5 31. Qg5 Rb2 32. Re1 Qxg5 33. Bxg5 Rxb3
34. Bf6 Rb4 35. h4 Rxa4 36. Rd1 Re4 37. Rxd6 Re6 0-1

[Event "Ì15Â"]
[Site "Loo"]
[Date "2017.04.25"]
[Round "6.4"]
[White "Ñêà÷êîâ, Âàëåðèé."]
[Black "Åðèöÿí, Àðàì."]
[Result "1-0"]
[WhiteElo "2149"]
[BlackElo "2372"]
[PlyCount "107"]
[EventDate "2017.04.20"]

1. d4 Nf6 2. c4 e6 3. Nf3 Bb4+ 4. Bd2 Qe7 5. a3 Bxd2+ 6. Qxd2 b6 7. Nc3 Bb7 8.
g3 Bxf3 9. exf3 d5 10. Bg2 O-O 11. O-O Nc6 12. f4 Na5 13. Qe2 Qd7 14. cxd5 exd5
15. b4 Nb7 16. Rac1 a6 17. Qa2 Rfd8 18. Rfe1 b5 19. Nxd5 Nxd5 20. Bxd5 Rab8 21.
Bxb7 Rxb7 22. d5 Rb6 23. Rc5 Rd6 24. Rec1 Qf5 25. Qc2 Qxc2 26. R1xc2 g6 27.
Rxc7 Rxd5 28. Rc8 Kf8 29. Rxd8+ Rxd8 30. Rc6 Ra8 31. Kg2 a5 32. Rb6 axb4 33.
axb4 Ra3 34. Rxb5 Rb3 35. Rb8+ Kg7 36. b5 h5 37. h4 Kf6 38. Rb7 Rb2 39. Kf3
Rb3+ 40. Ke4 Rb2 41. b6 Rxf2 42. Rc7 Rb2 43. b7 Ke6 44. Kd4 Kf5 45. Rxf7+ Kg4
46. Rg7 Kxg3 47. Rxg6+ Kxf4 48. Rg7 Kf5 49. Kc5 Kf6 50. Rh7 Kg6 51. Rd7 Kf5 52.
Kc6 Kg4 53. Rd4+ Kg3 54. Rc4 1-0

[Event "Ì15Â"]
[Site "Loo"]
[Date "2017.04.25"]
[Round "6.5"]
[White "Òðóá÷àíèíîâ, Àðòåì."]
[Black "Øóáèí, Êèðèëë."]
[Result "1/2-1/2"]
[WhiteElo "1917"]
[BlackElo "2287"]
[PlyCount "105"]
[EventDate "2017.04.20"]

1. c4 Nf6 2. Nc3 e5 3. Nf3 Nc6 4. g3 Bb4 5. Bg2 O-O 6. O-O Bxc3 7. dxc3 d6 8.
Qc2 Be6 9. b3 h6 10. e4 Nd7 11. Nh4 a5 12. Nf5 Nc5 13. Be3 b6 14. Rad1 Qd7 15.
f4 f6 16. Qe2 Rae8 17. Nxh6+ gxh6 18. f5 Bf7 19. Bxh6 Kh7 20. Bxf8 Rxf8 21. g4
Rh8 22. h4 Kg7 23. Qf2 Qd8 24. Qg3 a4 25. g5 Qg8 26. b4 Nd7 27. Bf3 Bxc4 28.
Rf2 Qh7 29. Rh2 fxg5 30. hxg5 Qxh2+ 31. Qxh2 Rxh2 32. Kxh2 Bxa2 33. Ra1 Bb3 34.
Be2 Na7 35. Kg3 b5 36. Kh4 c6 37. Rf1 Bf7 38. f6+ Kg8 39. Bg4 Nf8 40. Bf5 a3
41. Rg1 c5 42. g6 Bc4 43. Kh5 a2 44. Kh6 Nxg6 45. Kxg6 cxb4 46. cxb4 Nc6 47.
Bd7 Nd8 48. Ra1 Kf8 49. Bxb5 Bxb5 50. Rxa2 Bc6 51. Kf5 Bd7+ 52. Kg6 Be8+ 53.
Kf5 1/2-1/2